000 00231nam a2200097Ia 4500
001 644913
005 20250826153613.0
008 250824s9999 xx 000 0 und d
245 0 _aRuby Rogers Anlat Bana
_cSue Limb
260 _bALTIN
999 _c644913
_d644913